NSW Light Rail Quiz - Statistics

General Stats
  • This quiz has been taken 107 times
  • The average score is 39 of 64
Answer Stats
Light Rail Line Station % Correct
L2 (Randwick Line); L3 (Kingsford Line) Central (Chalmers Street)
94%
L1 (Dulwich Hill Line) Central (Grand Concourse)
94%
L1 (Dulwich Hill Line) Dulwich Hill
87%
L2 (Randwick Line) Randwick
85%
L2 (Randwick Line); L3 (Kingsford Line) Chinatown
83%
L2 (Randwick Line); L3 (Kingsford Line) Circular Quay
81%
L3 (Kingsford Line) Kingsford
81%
L2 (Randwick Line); L3 (Kingsford Line) Town Hall
81%
L2 (Randwick Line); L3 (Kingsford Line) Haymarket
79%
L2 (Randwick Line); L3 (Kingsford Line) Surry Hills
77%
L1 (Dulwich Hill Line) Fish Market
75%
L2 (Randwick Line); L3 (Kingsford Line) QVB
75%
Parramatta Light Rail Westmead
75%
L2 (Randwick Line); L3 (Kingsford Line) Moore Park
73%
Newcastle Light Rail Newcastle Interchange
73%
L3 (Kingsford Line) UNSW Anzac Parade
73%
L2 (Randwick Line) UNSW High Street
73%
L2 (Randwick Line); L3 (Kingsford Line) Wynyard
73%
Parramatta Light Rail Carlingford
71%
L3 (Kingsford Line) Juniors Kingsford
71%
L1 (Dulwich Hill Line) The Star
71%
L1 (Dulwich Hill Line) Dulwich Grove
69%
L1 (Dulwich Hill Line) Glebe
69%
L1 (Dulwich Hill Line) Lewisham West
69%
L1 (Dulwich Hill Line) Lilyfield
69%
L2 (Randwick Line); L3 (Kingsford Line) Bridge Street
67%
L3 (Kingsford Line) Kensington
67%
L1 (Dulwich Hill Line) Leichhardt North
67%
L1 (Dulwich Hill Line) Taverners Hill
67%
L1 (Dulwich Hill Line) Convention
65%
L1 (Dulwich Hill Line) Paddy's Markets
65%
L1 (Dulwich Hill Line) Waratah Mills
65%
L1 (Dulwich Hill Line) Capitol Square
63%
L1 (Dulwich Hill Line) Jubilee Park
63%
L1 (Dulwich Hill Line) Pyrmont Bay
63%
L1 (Dulwich Hill Line) Wentworth Park
62%
L1 (Dulwich Hill Line) Marion
60%
Newcastle Light Rail Newcastle Beach
60%
L2 (Randwick Line) Royal Randwick
60%
L3 (Kingsford Line) ES Marks
58%
L1 (Dulwich Hill Line) Exhibition Centre
58%
Parramatta Light Rail Parramatta Square
58%
Newcastle Light Rail Honeysuckle
56%
L1 (Dulwich Hill Line) Arlington
54%
Parramatta Light Rail Dundas
54%
L1 (Dulwich Hill Line) Hawthorne
54%
L1 (Dulwich Hill Line) John Street Square
54%
Newcastle Light Rail Civic
52%
L1 (Dulwich Hill Line) Rozelle Bay
50%
L2 (Randwick Line) Wansey Road
50%
Parramatta Light Rail Children's Hospital
48%
Parramatta Light Rail Ngara
48%
Parramatta Light Rail Westmead Hospital
46%
Parramatta Light Rail Tramway Avenue
44%
Parramatta Light Rail Church Street
40%
Newcastle Light Rail Queens Wharf
40%
Parramatta Light Rail Yallamundi
40%
Newcastle Light Rail Crown Street
35%
Parramatta Light Rail Rosehill Gardens
35%
Parramatta Light Rail Robin Thomas
33%
Parramatta Light Rail Benaud Oval
31%
Parramatta Light Rail Fennell Street
29%
Parramatta Light Rail Prince Alfred Square
25%
Parramatta Light Rail Telopa
25%
No matching quizzes found
Score Distribution
Percent of People with Each Score
Percentile by Number Answered
Your Score History
You have not taken this quiz